Normal view
MARC view
- Bintelshaq,Hamna Zia,Nabiha & Ahmad,Sheikh tazeem
Entry Personal Name
001 - CONTROL NUMBER
- control field: 4948
003 - CONTROL NUMBER IDENTIFIER
- control field: NUST
005 - DATE AND TIME OF LATEST TRANSACTION
- control field: 20170925115738.0
008 - FIXED-LENGTH DATA ELEMENTS
- fixed length control field: 170925|| aca||aabn | a|a d
040 ## - CATALOGING SOURCE
- Original cataloging agency: NUST
- Transcribing agency: NUST
100 ## - HEADING--PERSONAL NAME
- Personal name: Bintelshaq,Hamna Zia,Nabiha & Ahmad,Sheikh tazeem
670 ## - SOURCE DATA FOUND
- Source citation: Work cat.: (NUST): Bintelshaq,Hamna Zia,Nabiha & Ahmad,Sheikh tazeem, competitiveness of textile and clothing industry of pakistan with bangladesh in international trade, 2014
